000 00239nam a2200097Ia 4500
001 689617
005 20250826161637.0
008 250824s9999 xx 000 0 und d
245 0 _aANA BABA OKULU
_cHALUK YAVUZER
260 _bREMZİ KİTABEVİ
999 _c689617
_d689617